Farmacopea francesa (Record no. 61759)
[ view plain ]
| 000 -LEADER | |
|---|---|
| campo de control de longitud fija | 00441nam a2200145 i 4500 |
| 001 - NÚMERO DE CONTROL | |
| campo de control | 61759 |
| 003 - IDENTIFICADOR DE NÚMERO DE CONTROL | |
| campo de control | ES-MaACL |
| 007 - CAMPO FIJO DE DESCRIPCIÓN FÍSICA--INFORMACIÓN GENERAL | |
| campo de control de longitud fija | t| |
| 008 - DATOS DE LONGITUD FIJA--INFORMACIÓN GENERAL | |
| campo de control de longitud fija | 031113s1939 fr ||||1| spa d |
| 245 00 - MENCIÓN DEL TÍTULO | |
| Título | Farmacopea francesa |
| Resto del título | : Codex medicamentarius gallicus / |
| Mención de responsabilidad, etc. | redactada por órden del Gobierno. |
| 250 ## - MENCION DE EDICION | |
| Mención de edición | Ed. en lengua española. |
| 260 ## - PUBLICACIÓN, DISTRIBUCIÓN, ETC. | |
| Lugar de publicación, distribución, etc. | Rennes : |
| Nombre del editor, distribuidor, etc. | Oberthur, |
| Fecha de publicación, distribución, etc. | 1939. |
| 300 ## - DESCRIPCIÓN FÍSICA | |
| Extensión | XXII, 1320 p. ; |
| Dimensiones | 25 cm. |
| 852 ## - LOCALIZACIÓN | |
| Ubicación | ES-MaACL |
| Número de control de estantería | E-567 |
| Sublocalización o colección | R.18589 |
| Estatus retirado | Estado de pérdida | Estado de daño | No para préstamo | Biblioteca de origen | Biblioteca actual | Ubicación en estantería | Fecha de adquisición | Fuente de adquisición | Total de préstamos | Signatura topográfica completa | Código de barras | Visto por última vez | Precio de reemplazo | Tipo de ítem Koha |
|---|---|---|---|---|---|---|---|---|---|---|---|---|---|---|
| Biblioteca del Ateneo de Madrid | Biblioteca del Ateneo de Madrid | Depósito 2 | 17/01/2008 | E-567 | 1064756 | 23/02/2023 | 23/02/2023 | Libro impreso |
